00799naa#a2200169#i#4500001001600000005001700016011001400033100004100047102000700088200023000095210011900325215001000444608004500454675005400499700005200553856002400605RU\\bibl\12086220260511223553.1##a2782-5256##a20251225b2025####ek#y0rusy0150####ca##aRU1#aКонституционно-правовые основы ограничения прав и свобод человека и гражданина в Российской ФедерацииeЖурнальная статья1#aМоскваcМосковский университет МВД России имени В.Я. Кикотяd2025##a5 с.##aЖурнальная статья2local##aПраво. Юридические науки. 34#1aВащенкоgБорис Михайлович4#amosumvd.editorum.ru